Esperanza rising / (Record no. 12944)

000 -LEADER
fixed length control field 01016cam a2200313 a 4500
020 ## - INTERNATIONAL STANDARD BOOK NUMBER
ISBN 0439120411
020 ## - INTERNATIONAL STANDARD BOOK NUMBER
ISBN 9780439120418
020 ## - INTERNATIONAL STANDARD BOOK NUMBER
ISBN 0439576172
020 ## - INTERNATIONAL STANDARD BOOK NUMBER
ISBN 9780439576178
020 ## - INTERNATIONAL STANDARD BOOK NUMBER
ISBN 043912042X
020 ## - INTERNATIONAL STANDARD BOOK NUMBER
ISBN 9780439120425
020 ## - INTERNATIONAL STANDARD BOOK NUMBER
ISBN 0439771250
020 ## - INTERNATIONAL STANDARD BOOK NUMBER
ISBN 9780439771252
020 ## - INTERNATIONAL STANDARD BOOK NUMBER
ISBN 9780439270038
020 ## - INTERNATIONAL STANDARD BOOK NUMBER
ISBN 0439270030
040 ## - CATALOGING SOURCE
Transcribing agency DLC
082 04 - DEWEY DECIMAL CLASSIFICATION NUMBER
Classification number 813 SCH 2000 A094 Or.
100 1# - MAIN ENTRY--AUTHOR NAME
Personal name Ryan, Pam Muñoz
245 10 - TITLE STATEMENT
Title Esperanza rising /
250 ## - EDITION STATEMENT
Edition statement 1st ed.
260 ## - PUBLICATION, DISTRIBUTION, ETC. (IMPRINT)
Place of publication New York :
Name of publisher Scholastic Press,
Year of publication ©2000.
300 ## - PHYSICAL DESCRIPTION
Number of Pages 262 pages ;
Dimensions 22 cm
520 ## - SUMMARY, ETC.
Summary, etc Esperanza and her mother are forced to leave their life of wealth and privilege in Mexico to go work in the labor camps of Southern California, where they must adapt to the harsh circumstances facing Mexican farm workers on the eve of the Great Depression.
650 #0 - SUBJECT ADDED ENTRY--TOPICAL TERM
Topical Term Mexican Americans
650 #0 - SUBJECT ADDED ENTRY--TOPICAL TERM
Topical Term Agricultural laborers
650 #1 - SUBJECT ADDED ENTRY--TOPICAL TERM
Topical Term Mexican Americans
650 #1 - SUBJECT ADDED ENTRY--TOPICAL TERM
Topical Term Agricultural laborers
942 ## - ADDED ENTRY ELEMENTS (KOHA)
Koha item type សៀវភៅភាសាអង់គ្លេស
952 ## - LOCATION AND ITEM INFORMATION (KOHA)
Withdrawn status [LOCAL, KOHA] 0
Holdings
Permanent Location Date acquired Koha item type Lost status Shelving location Barcode Current Location Full call number
Library Block A2017-08-18សៀវភៅភាសាអង់គ្លេស A094A17425Library Block A813 SCH 2000 A094 Or.
មជ្ឈមណ្ឌលឯការនៃសាកលវិទ្យាល័យភូមិន្ទកសិកម្មចំការដូង

Powered by Koha